02133nam a2200301 a 4500003000900000005001700009008003000026020001800056020002700074040002600101082003100127245017400158260007200332300002700404490005200431490003700483500007300520500007000593505067900663586007001342650007601412650007501488650008301563650007701646700004001723700002101763710004701784DO-SdBNP20240216103213.0130307s2009 dr 000 0 spa d a9789945443486 a9789945582147 (v. 206) aDO-SdBNPbspacBPMSU  a330.97293bC744n, 201322210aNueva literatura económica dominicana :bPremios del Concurso de Economía Biblioteca "Juan Pablo Duarte" 2013 /cedición José Alcántara Almánzar, Elvis Soto. aSanto Domingo :bBanco Central de la República Dominicana,c2014. axvii, 335 p. ;c24 cm.1 aBanco Central de la República Dominicanav2061 aNueva Literatura Económicav17 aIncluye referencias bibliográficas y notas al pie de las páginas aPrimios del Concurso de Economía "Biblioteca Juan Pablo Duarte"0 tOferta laboral en la República Dominicana: tendencias y determinantes /rFrancisco A. Ramírez de Léon --tUn índice de estabilidad bancaria para la República Dominicana: una aproximación cuantitativa de estabilidad financiera /rCarlos Alberto Delgado Urbáez, Yocauris García Rodríguez --tAnálisis del registro tardio de nacimientos en República Dominicana /rRaymer Díaz Hernández --tDeterminantes de la pobreza y vulnerabilidad social en República Dominicana 2000-2012rNerys F. Ramírez--tFatores asociados al desempeño de los estudiantes de República Dominicana/rAmarilis Altagracia Aquino, Ariadne Checo de los Santos, Jaime Pérez aPremios del Concurso de Economía Biblioteca "Juan Pablo Duarte" 4aMercado laboralzRepública DominicanavCongresos, conferencias, etc.  4aRegistro civilzRepública DominicanavCongresos, conferencias, etc.  4aEstabilidad económicazRepública DominicanavCongreos, conferencias, etc.  4aSeguridad socialzRepública DominicanavCongresos, conferencias, etc. 1 aAlcántara Almánzar, Joséeed.1 aSoto, Elviseed.2 aBanco Central de la República Dominicana